Nr. 1 Hits in Deutschland 2009 - Statistiken

Allgemein
  • Dieses Quiz wurde 84 mal gespielt
  • Das Durchschnittsergebnis liegt bei 7 aus 15
Antwortstatistiken
Wochen auf Platz 1 Lied Interpret % Korrekt
13 Wochen Poker Face Lady Gaga
100%
1 Woche Paparazzi Lady Gaga
91%
8 Wochen Hot n Cold Katy Perry
90%
3 Wochen Pflaster Ich + Ich
58%
1 Woche Meet Me Halfway The Black Eyed Peas
49%
1 Woche Sexy Bitch David Guetta feat. Akon
48%
2 Wochen I Will Love You Monday (365) Aura Dione
42%
1 Woche Irgendwas bleibt Silbermond
39%
5 Wochen Broken Strings James Morrison feat.Nelly Furtado
36%
8 Wochen Jungle Drum Emilíana Torrini
31%
1 Woche Pussy Rammstein
27%
3 Wochen I like Keri Hilson
25%
4 Wochen Bodies Robbie Williams
22%
5 Wochen If a Song Could Get Me You Marit Larsen
16%
3 Wochen Anything but Love Daniel Schuhmacher
12%
Keine übereinstimmenden Quizze gefunden
Verteilung der Resultate
Anzahl Personen mit jedem Resultat
Perzentil nach korrekt beantworteten Fragen
Ihre Resultats-Entwicklung
Sie haben dieses Quiz noch nicht gespielt